000 00393nam a2200145Ia 4500
005 20250429090141.0
008 240331s9999 xx 000 0 und d
082 _a291.5
_bKON
245 0 _aKonesar kalvettu
260 _aColombo
_bDepartment of Hindu Religious and Cultural Affairs
_c1993
300 _aXii, 136 p .,
650 _aReligious Literature
700 _aVadivel,P.
_eedt
942 _cL
999 _c868
_d868